GUIDELINES on control of exposure to chemicals in the wood processing industry : Enwind project

Bibliographic Details
Corporate Authors: Department of Occupational Safety & Health, Forest Research Institute Malaysia (FRIM)
Format: Book
Published: Kuala Lumpur : Institut Penyelidikan Perhutanan Malaysia , 1998
Series:FRIM technical information handbook n. 24
Subjects:

MARC

LEADER 00000cam a2200000 7i4500
001 0000000899
005 20001030.0
020 0 0 |a 9839592920 
090 0 0 |a 363.1196748   |b GUI 1998 
245 0 0 |a GUIDELINES on control of exposure to chemicals in the wood processing industry :   |b Enwind project   |c prepared by Forest Research Institute Malaysia 
260 0 0 |a Kuala Lumpur :   |b Institut Penyelidikan Perhutanan Malaysia ,   |c 1998 
300 |a 62 p. :   |b ill. ;   |c 25 cm. 
440 0 0 |a FRIM technical information handbook   |v n. 24 
500 0 0 |a Bibliography: [p. 61-62] 
650 0 0 |a Wood-using industries   |x Safety regulations 
710 1 1 |a Department of Occupational Safety & Health 
710 1 1 |a Forest Research Institute Malaysia (FRIM) 
999 |a 0000001916   |b Monograph   |c Open Shelf   |e Default branch